00482 2200193 4500001002100000005001500021008004100036020001800077035001900095041000700114082000800121090001400129100002400143245003300167260003100200300002500231500001100256650002100267INLIS00000000000332020241224112712241224||||||||| | ||| |||| || |  a979-709-149-x 0010-1224003320 aid0 a817 a817 SUD a0 aDarminto M. Sudarmo00aAnatomi Lelucon di Indonesia aJakartabBuku Kompasc2004 axvi, 224 hlm.; 21 cm aCet. 1 0aIlmu Kesusatraan